[Event "Senta op-B 13th"]
[Site "Senta"]
[Date "2009.07.18"]
[Round "1"]
[White "Ridjicki, Vlajko"]
[Black "Vukasinovic, Dragan"]
[Result "0-1"]
[WhiteElo "1790"]
[BlackElo "2094"]
[PlyCount "106"]
[EventDate "2009.07.18"]
[EventType "swiss"]
[EventRounds "9"]
[EventCountry "YUG"]
[SourceTitle "EXT 2012"]
[Source "ChessBase"]
[SourceDate "2011.11.24"]
[SourceVersion "1"]
[SourceVersionDate "2011.11.24"]
[SourceQuality "1"]

1. d4 Nf6 2. c4 c5 3. d5 b5 4. cxb5 a6 5. g3 axb5 6. Bg2 d6 7. Bg5 Nbd7 8. f4 g6 9. Nc3 Qa5 10. Qd2 Bg7 11. Nh3 h6 12. Bh4 Nb6 13. Bxf6 Bxf6 14. Nd1 Qa7 15. 0-0 Nc4 16. Qc2 Bf5 17. e4 Bg4 18. Nhf2 Bd7 19. Nd3 0-0 20. Re1 Rfc8 21. e5 dxe5 22. Nxe5 Bf5 23. Qf2 Nd6 24. Nc6 Rxc6 25. dxc6 Bd4 26. Ne3 Ne4 27. Bxe4 Bxe4 28. h4 Bxc6 29. Kh2 h5 30. f5 Qd7 31. fxg6 fxg6 32. Rf1 Qe6 33. Rae1 Bd7 34. a3 Qh3+ 35. Kg1 Bc6 36. Qh2 Qxh2+ 37. Kxh2 Bxb2 38. Nc2 Bf6 39. Re3 Rd8 40. Rf2 Rd1 41. Re1 Rxe1 42. Nxe1 b4 43. axb4 cxb4 44. Nd3 b3 45. Nb2 Kf7 46. Nd1 Ke6 47. Rd2 Kf5 48. Kh3 Ke4 49. g4 Bd4 50. gxh5 gxh5 51. Kg3 Ba4 52. Kg2 Bc6 53. Nf2+ Ke3+ 0-1